| 000 | 01046nam a22003017a 4500 | ||
|---|---|---|---|
| 005 | 20110614094342.0 | ||
| 008 | 110614t xxu||||| |||| 00| 0 eng d | ||
| 010 | _aENG-102592 | ||
| 020 |
_a9788180940873 _c480.00 |
||
| 035 | _aEN-86125 | ||
| 037 | _bDBAD / PUB | ||
| 040 |
_adpl _bEnglish |
||
| 082 | _a547 | ||
| 100 |
_928493 _aRaman, K. V. _d1944- |
||
| 110 | _928532 | ||
| 245 |
_aOrganic chemistry : _cby K. V. Raman [and] G. R. Vijaya Gopal _bproblems and solutions / |
||
| 260 |
_aChennai _bMJP Publishers _c2010 |
||
| 270 |
_a47, Nallathambi Street, Triplicane _bChennai _e600005 _k044-28441043,28442381,28443347 |
||
| 300 |
_axviii,506 p. _c24cm (pbk) |
||
| 500 | _aIncludes bibliographical references and index. | ||
| 610 | _928529 | ||
| 650 |
_928580 _aChemistry, organic |
||
| 651 | _928530 | ||
| 700 |
_928520 _aVijaya Gopal, G. R. |
||
| 710 | _928535 | ||
| 942 |
_2ddc _cEN _mRAM _h547 |
||
| 999 |
_c52858 _d52858 |
||